00346 a2200121 4500020001500000082001000015100002000025245003500045260005000080300003500130500001900165650004000184 a8121904137 a539.7 a Ghoshal, S. N. aNuclear PhysicscS. N. Ghoshal aNew Delhi:bS. Chand and Company Ltd.,c1994. axiv, 1055 p. :bill. ;c24 cm. aIncludes Index a 1.Nuclear Energy.2.Nuclear Physics